Normal view
MARC view
Entry Personal Name
001 - CONTROL NUMBER
- control field: 1065921
003 - CONTROL NUMBER IDENTIFIER
- control field: OSt
005 - DATE AND TIME OF LATEST TRANSACTION
- control field: 20260121170613.0
008 - FIXED-LENGTH DATA ELEMENTS
- fixed length control field: 260121|| aca||aabn | a|a d
040 ## - CATALOGING SOURCE
- Original cataloging agency: OSt
- Transcribing agency: OSt
100 ## - HEADING--PERSONAL NAME
- Personal name: José Luís Quesado Pinto, João Carlos O. Matias, Carina Pimentel, Susana Garrido Azevedo, Kannan Govindan
670 ## - SOURCE DATA FOUND
- Source citation: Work cat.: (OSt)1631651: José Luís Quesado Pinto, João Carlos O. Matias, Carina Pimentel, Susana Garrido Azevedo, Kannan Govindan, Just in Time Factory
